[Event "Wch U18 Girls"]
[Site "Florianopolis"]
[Date "2024.11.06"]
[Round "8"]
[White "Motta, Agahta dos Santos"]
[Black "Perez Godinez, Airam Coret"]
[Result "0-1"]
[WhiteElo "1497"]
[BlackElo "1452"]
[PlyCount "62"]
[EventDate "2024.10.29"]
[EventType "swiss"]
[EventRounds "11"]
[EventCountry "BRA"]
[SourceTitle "CB45_2024"]
[Source "ChessBase"]
[SourceDate "2024.11.06"]
[SourceVersion "1"]
[SourceVersionDate "2024.11.06"]
[SourceQuality "1"]

1. d4 Nf6 2. Nf3 e6 3. g3 d5 4. Bg2 c5 5. c4 Nc6 6. cxd5 exd5 7. 0-0 Be7 8. Nc3 c4 9. a3 0-0 10. b3 cxb3 11. Qxb3 Na5 12. Qc2 Nc4 13. Nd2 Be6 14. Nxc4 dxc4 15. Rd1 Qc8 16. d5 Bh3 17. Bh1 Bc5 18. e4 Ng4 19. Rd2 f5 20. Bg2 Bxg2 21. Kxg2 fxe4 22. Nxe4 Be3 23. Re2 Bd4 24. Rb1 b6 25. Rb4 Qf5 26. f4 Qxd5 27. Rxc4 Rfe8 28. Qd3 Rad8 29. Bb2 Bxb2 30. Qxd5+ Rxd5 31. Rxb2 Ne3+ 0-1

[Event "Wch U18 Girls"]
[Site "Florianopolis"]
[Date "2024.11.03"]
[Round "6"]
[White "Bittencourt, Alica E Decezare"]
[Black "Perez Godinez, Airam Coret"]
[Result "1-0"]
[WhiteElo "1633"]
[BlackElo "1452"]
[PlyCount "120"]
[EventDate "2024.10.29"]
[EventType "swiss"]
[EventRounds "11"]
[EventCountry "BRA"]
[SourceTitle "CB45_2024"]
[Source "ChessBase"]
[SourceDate "2024.11.06"]
[SourceVersion "1"]
[SourceVersionDate "2024.11.06"]
[SourceQuality "1"]

1. e4 e5 2. Nf3 Nc6 3. Bc4 Nf6 4. Ng5 d5 5. exd5 Na5 6. Bb5+ c6 7. dxc6 bxc6 8. Bd3 h6 9. Ne4 Bd6 10. Nbc3 0-0 11. 0-0 Nxe4 12. Nxe4 f5 13. Nxd6 Qxd6 14. Be2 f4 15. d3 c5 16. b3 Qg6 17. Bf3 Rb8 18. Qe1 Nc6 19. Qe4 Qxe4 20. Bxe4 Nd4 21. Bb2 Nxc2 22. Bxe5 Rb5 23. Rac1 Nd4 24. Bxd4 cxd4 25. Rc4 Rd8 26. Rfc1 Be6 27. Rc5 Rb4 28. g3 fxg3 29. fxg3 g5 30. Rc6 Bd5 31. Bxd5+ Rxd5 32. Rxh6 Re5 33. Ra6 Re3 34. Rxa7 Rb8 35. Rd1 Rbe8 36. Rd7 Ra8 37. Rd2 Re1+ 38. Kg2 Ra1 39. Rxd4 R8xa2 40. Rxa2 Rxa2+ 41. Kh3 Rb2 42. b4 Kf7 43. Kg4 Rxh2 44. Kxg5 Rb2 45. g4 Rb3 46. Kf5 Ra3 47. Rd5 Ra6 48. g5 Rb6 49. b5 Kg7 50. Ke5 Kg6 51. Rd6+ Rxd6 52. Kxd6 Kxg5 53. b6 Kf4 54. b7 Ke3 55. b8Q Kxd3 56. Qb4 Ke3 57. Ke5 Kd3 58. Qe4+ Kc3 59. Qd4+ Kb3 60. Qc5 Kb2 1-0

[Event "Wch U18 Girls"]
[Site "Florianopolis"]
[Date "2024.11.02"]
[Round "5"]
[White "Brinovec, Lucy"]
[Black "Perez Godinez, Airam Coret"]
[Result "1-0"]
[WhiteElo "1705"]
[BlackElo "1452"]
[PlyCount "65"]
[EventDate "2024.10.29"]
[EventType "swiss"]
[EventRounds "11"]
[EventCountry "BRA"]
[SourceTitle "CB45_2024"]
[Source "ChessBase"]
[SourceDate "2024.11.06"]
[SourceVersion "1"]
[SourceVersionDate "2024.11.06"]
[SourceQuality "1"]

1. e4 e5 2. Nf3 Nc6 3. Bc4 Bc5 4. c3 d6 5. d3 h6 6. a4 a6 7. Be3 Nf6 8. Nbd2 Qe7 9. b4 Bxe3 10. fxe3 Be6 11. Qe2 d5 12. exd5 Bxd5 13. e4 Be6 14. 0-0 0-0 15. Kh1 Qd7 16. b5 Na5 17. Nxe5 Qe7 18. Bxe6 Qxe6 19. Nef3 axb5 20. axb5 Nb3 21. Nxb3 Qxb3 22. c4 Rfd8 23. Rxa8 Rxa8 24. Nd4 Qc3 25. Nf5 Ra3 26. Rd1 Rb3 27. h3 Rb2 28. Qf3 Qe5 29. Re1 Nd7 30. d4 Qf6 31. e5 Qg6 32. Ne7+ Kh7 33. Nxg6 1-0